| 000 | 00708nam a2200217 i 4500 | ||
|---|---|---|---|
| 001 | 51197 | ||
| 003 | ES-MaACL | ||
| 005 | 20230906162322.0 | ||
| 007 | t| | ||
| 008 | 030811s1977 sp ||||1| spa d | ||
| 100 | 1 |
_aChapin, F. Stuart. _938015 |
|
| 245 | 1 | 0 |
_aPlanificación del uso del suelo urbano / _cF. Stuart Chapin ; [versión de José Antonio López Candeira]. |
| 250 | _a[1ª ed.]. | ||
| 260 |
_aVilassar de Mar, Barcelona : _bOikos-Tau, _c[1977] |
||
| 300 |
_a434 p. : _bil. ; _c24 cm. |
||
| 490 | 1 | _aColección de Urbanismo | |
| 700 | 1 |
_aLópez Candeira, José Antonio. _973489 |
|
| 830 | 0 |
_aColección de Urbanismo _9187237 |
|
| 852 |
_aES-MaACL _jA-7089 _bR.96123 |
||
| 999 |
_c51197 _d51197 |
||